|
|
|
|
| LEADER |
00000nam0a2200000 4500 |
| 001 |
361108 |
| 005 |
20231102011345.0 |
| 035 |
|
|
|a (RuTPU)RU\TPU\retro\18434
|
| 090 |
|
|
|a 361108
|
| 100 |
|
|
|a 20210526d1973 km y0rusy50 ca
|
| 101 |
0 |
|
|a rus
|
| 102 |
|
|
|a RU
|
| 105 |
|
|
|a a z 001zb
|
| 200 |
1 |
|
|a Петр Васильев
|e монография
|f А. Н. Шефов
|g под ред. И. И. Березиной
|
| 210 |
|
|
|a Москва
|c Изобразительное искусство
|d 1973
|
| 215 |
|
|
|a 151 с.
|c ил.
|
| 225 |
1 |
|
|a Мастера советского изобразительного искусства
|
| 320 |
|
|
|a Перечень основных работ: с. 143-148
|
| 600 |
|
1 |
|a Ленин
|b В. И.
|c настоящая фамилия Ульянов
|c российский политический деятель
|f 1870-1924
|g Владимир Ильич
|2 stltpush
|3 (RuTPU)RU\TPU\pers\1074
|9 486
|
| 600 |
|
1 |
|a Васильев
|b П. В.
|c русский советский художник и график
|f 1899-1975
|g Петр Васильевич
|2 stltpush
|3 (RuTPU)RU\TPU\pers\46957
|
| 606 |
1 |
|
|a Живописцы
|2 stltpush
|3 (RuTPU)RU\TPU\subj\10834
|9 37852
|
| 606 |
1 |
|
|a Ленин В. И.
|x Годовщины рождения и смерти. Увековечивание памяти
|2 stltpush
|3 (RuTPU)RU\TPU\subj\77143
|9 87708
|
| 610 |
1 |
|
|a изобразительное искусство
|
| 610 |
1 |
|
|a живопись
|
| 610 |
1 |
|
|a портретная живопись
|
| 610 |
1 |
|
|a лениниана
|
| 610 |
1 |
|
|a 20 век
|
| 610 |
1 |
|
|a художники
|
| 675 |
|
|
|a 75.071
|v 4
|
| 686 |
|
|
|a Т3(2)6-8Ленин358
|v LBC/SL-A
|2 rubbk
|
| 700 |
|
1 |
|a Шефов
|b А. Н.
|
| 702 |
|
1 |
|a Березина
|b И. И.
|4 340
|
| 801 |
|
1 |
|a RU
|b 63413507
|c 20210526
|
| 801 |
|
2 |
|a RU
|b 63413507
|c 20210914
|g RCR
|
| 942 |
|
|
|c BK
|